00663 2200241 4500001002100000005001500021035002000036245008500056100003400141250000600175300003500181700001800216260004600234082001000280084001700290020001800307650001100325990001700336990001700353990001700370990001700387990001700404INLIS00000000000069120190202111030 a0010-02190000021 aMenjaga Kesehatan Tulang /cdr Agus Dwi Sasongko, Sp .O.T; Editor, Khori Arianti0 adr Agus Dwi Sasongko, Sp .O.T a- aiv, 52 hlm. :bilus. ;c21 cm.0 aKhori Arianti aJakarta :bPT Sunda Kelapa Pustaka,c2007 a611.7 a611.7 AGU m a979-3632-66-7 aTulang a02605/H/2018 a02606/H/2018 a02607/H/2018 a02608/H/2018 a02609/H/2018